000
00277nam a2200109Ia 4500
008
220204s9999 xx 000 0 und d
082
_a
058.8:645.15
_b
ALL
245
0
_a
All India telephone directory
250
_a
Ed.4
260
_a
India
_b
Indian Export Trade
_c
1963
942
_c
BK
999
_c
20201
_d
20201